[Event "Salvador FBX BA 2nd"]
[Site "Salvador"]
[Date "2015.06.11"]
[Round "10.2"]
[White "Amaral, Caico Soares"]
[Black "Silva, Jose Romain T Da Co"]
[Result "1-0"]
[WhiteElo "1926"]
[BlackElo "1746"]
[PlyCount "71"]
[EventDate "2015.06.11"]
[EventType "tourn"]
[EventRounds "10"]
[EventCountry "BRA"]
[SourceTitle "EXT 2022"]
[Source "ChessBase"]
[SourceDate "2021.10.06"]
[SourceVersion "1"]
[SourceVersionDate "2021.10.06"]
[SourceQuality "1"]

1. e4 e6 2. d4 d5 3. exd5 exd5 4. Bd3 Qe7+ 5. Ne2 g6 6. 0-0 Nf6 7. Nf4 Qd6 8. Re1+ Be6 9. Nc3 c6 10. Qe2 Kd7 11. Na4 b6 12. Bd2 Bg7 13. Nxe6 fxe6 14. a3 Re8 15. Bb4 Qf4 16. Qe3 Nh5 17. Bc3 Qxe3 18. Rxe3 Nf4 19. Bf1 Nh5 20. Rae1 Nf6 21. b4 Ne4 22. Bb2 Bh6 23. Rh3 Bd2 24. Rxh7+ Re7 25. Rxe7+ Kxe7 26. Re2 Nd7 27. f3 b5 28. fxe4 bxa4 29. Rxd2 Nf6 30. exd5 Nxd5 31. c4 Ne3 32. Kf2 Ng4+ 33. Kg3 Rf8 34. Kxg4 Rxf1 35. Re2 Rf5 36. h4 1-0

[Event "Salvador FBX BA 2nd"]
[Site "Salvador"]
[Date "2015.06.11"]
[Round "6.2"]
[White "De Lima, Carlos Alberto Ribe"]
[Black "Amaral, Caico Soares"]
[Result "1/2-1/2"]
[WhiteElo "1856"]
[BlackElo "1926"]
[PlyCount "105"]
[EventDate "2015.06.11"]
[EventType "tourn"]
[EventRounds "10"]
[EventCountry "BRA"]
[SourceTitle "EXT 2022"]
[Source "ChessBase"]
[SourceDate "2021.10.06"]
[SourceVersion "1"]
[SourceVersionDate "2021.10.06"]
[SourceQuality "1"]

1. c4 e5 2. Nc3 Nf6 3. g3 Nc6 4. Bg2 d6 5. Nf3 Be6 6. d3 Qd7 7. a3 Bh3 8. 0-0 Bxg2 9. Kxg2 Be7 10. b4 0-0 11. e4 Ne8 12. Nd5 Bd8 13. b5 Ne7 14. a4 f5 15. Nxe7+ Bxe7 16. exf5 Qxf5 17. Qe2 Rf7 18. Qe4 Qc8 19. d4 Nf6 20. Qe2 exd4 21. Ng5 Qf5 22. Nxf7 Kxf7 23. Rd1 Re8 24. Rxd4 Bd8 25. Be3 Qe5 26. Rad1 b6 27. Qf3 Kg8 28. Bf4 Qf5 29. Qd3 Qh5 30. Rd2 g5 31. Be3 Ng4 32. h3 Ne5 33. Qf5 Rf8 34. Qe6+ Kg7 35. g4 Qh4 36. Re4 Rf6 37. Rxe5 Rxe6 38. Rxe6 Kf7 39. Re4 Bf6 40. Rd5 Be5 41. Rexe5 dxe5 42. Rd7+ Ke6 43. Rxc7 e4 44. Rxa7 Qh6 45. Ra6 Qf8 46. Rxb6+ Ke5 47. a5 Qf3+ 48. Kh2 h5 49. gxh5 g4 50. hxg4 Qxg4 51. h6 Qh5+ 52. Kg2 Qf3+ 53. Kf1 1/2-1/2